000 01862nam a2200253Ia 4500
003 OSt
005 20210107100430.0
008 191128s2008 ck ab gr 000 0 spa d
020 _a9789587047448
040 _aCO-JMCR
_cCO-JMCR
041 0 _aspa
082 0 4 _a986.10635 /
_bP944s
_223
100 1 _aPérez Bonilla, Luis Eladio,
_eautor
_910993
245 1 0 _a7 años secuestrado por las FARC /
_cLuis Eladio Perez Bonilla
246 0 0 _aSiete años secuestrado por las FARC
250 _aPrimera edición
260 _aBogotá :
_bAguilar,
_c2008
300 _a256 páginas :
_b1 mapa a blanco y negro ;
_c24 cm.
505 0 _aEl secuestro – La selva -- Momentos críticos -- Ingrid Betancourt -- Algunos secuestrados y guerrilleros -- Los campamentos y las marchas -- La libertad -- Posible ruta de Luis Eladio Pérez
520 3 _aEn esta obra, Luis Eladio Pérez, narra instantes tan difíciles del cautiverio del ex congresista, como los tres comas diabéticos que sufrió, el maltrato al que lo sometieron los guerrilleros que lo custodiaban y las difíciles relaciones con los demás secuestrados. "El olor a selva es un olor bastante particular, un olor húmedo, a tierra, sí, es como de humedad, un olor que se impregna en la ropa, en la piel, que se expele en el sudor. Me impresionó mucho al principio, cuando un guerrillero se acercó y sentí por primera vez ese olor, por supuesto que con el tiempo yo también lo adquirí, claro", relata, en uno de los capítulos del libro. En el libro, el ex congresista entrega detalles sobre sus intentos de fuga, uno de ellos con Ingrid Betancourt, y también explica su relación con la ex candidata presidencial durante su cautiverio.
600 1 4 _aPérez Bonilla, Luis Eladio,
_d1953-
_vrelatos personales
_910113
650 1 4 _aSecuestro
_vrelatos personales
_910994
_zColombia
942 _2ddc
_cBK
999 _c4678
_d4678